Catálogo
 En Linea

Problemática organológica Cubana : (Registro nro. 34399)

Detalles MARC
000 -CABECERA
campo de control de longitud fija 00698nam a2200181 a 4500
001 - NÚMERO DE CONTROL
campo de control 000034908
005 - FECHA Y HORA DE LA ÚLTIMA TRANSACCIÓN
campo de control 20200930073959.0
008 - DATOS DE LONGITUD FIJA--INFORMACIÓN GENERAL
campo de control de longitud fija 111021s1988 cu a 000 0 spa d
040 ## - FUENTE DE LA CATALOGACIÓN
Centro catalogador/agencia de origen DO-SdBNP
Lengua de catalogación spa
Centro/agencia transcriptor BNPHU
082 ## - NÚMERO DE LA CLASIFICACIÓN DECIMAL DEWEY
Número de clasificación xxxx
Número de documento/Ítem xxxx
100 1# - ENTRADA PRINCIPAL--NOMBRE DE PERSONA
Nombre de persona Casanova Oliva, Ana Victoria
9 (RLIN) 60476
245 10 - MENCIÓN DE TÍTULO
Título Problemática organológica Cubana :
Resto del título crítica a la sistemática de los instrumentos musicales /
Mención de responsabilidad, etc. Ana victoria Casanova Oliva ; edición Reinaldo Castillo.
260 ## - PUBLICACIÓN, DISTRIBUCIÓN, ETC.
Lugar de publicación, distribución, etc. La Habana, :
Nombre del editor, distribuidor, etc. Ediciones Casa de las Américas,
Fecha de publicación, distribución, etc. 1988.
300 ## - DESCRIPCIÓN FÍSICA
Extensión 207 p. :
Otras características físicas il. ;
Dimensiones 23 cm.
504 ## - NOTA DE BIBLIOGRAFÍA, ETC.
Nota de bibliografía, etc. Bibliografía : p. 205-207
586 ## - NOTA DE PREMIOS
Nota de premios Musicología Casa de las Américas
700 1# - PUNTO DE ACCESO ADICIONAL--NOMBRE DE PERSONA
Nombre de persona Castillo, Reinaldo,
Término indicativo de función/relación ed.
9 (RLIN) 3176
Existencias
Estado de retiro Estado de pérdida Restricciones de uso No para préstamo Código de colección Localización permanente Ubicación/localización actual Ubicación en estantería Fecha de adquisición Número de inventario Total de préstamos Signatura topográfica completa Código de barras Fecha visto por última vez Precio válido a partir de Tipo de ítem Koha
      Excluido de préstamo Monografías: Libros y Folletos General General Depósito 21.10.2011 LF1   xxxx xxxx 34908-10 25.06.2020 25.06.2020 No se presta

Con tecnología Koha